Cartilla Laboral y Seguridad Social

Bibliographic Details
Main Author: Chavarro Cadena, Jorge Enrique
Format: eBook
Language:Spanish
Published: Bogot ̀: Editorial Nueva Legislacin̤, 2013
Subjects:
Online Access:http://www.vlex.com/source/11360

MARC

LEADER 00000nam a22000007a 4500
005 20130614143127.0
007 cr|||| ||||
008 130614e2013 ck |||||s|||| 00||0 spa d
020 |a 978-958-8371-98-6  
035 |a 11360 
040 |a vLex 
090 |c 4366  |d 4366 
100 1 0 |a Chavarro Cadena, Jorge Enrique  
245 1 0 |a Cartilla Laboral y Seguridad Social  |c / Jorge Enrique Chavarro Cadena, Guillermo Cortes Guzman   |h [Recurso electrn̤ico] 
256 |a Servicio en ln̕ea 
260 |a Bogot ̀:  |b Editorial Nueva Legislacin̤,   |c 2013 
300 |a 1 Recurso electrn̤ico 
506 |a Contenido solo disponible en los productos indicados  |d vLex Global   |d vLex Global (Academic Edition, excluding Law Schools)  |d vLex Global (U.S. Academic Edition, Law Schools)  |d vLex Global (U.S. Academic Edition, excluding Law Schools)  |d vLex Global (Academic Edition, Law Schools) 
650 4 |a Derecho laboral y Seguridad Social  |z Colombia 
650 4 |a Salarios  |z Colombia 
700 1 0 |4 Cortes Guzman, Guillermo  
740 |a vLex Libros (Servicio en ln̕ea) 
856 |a Acceso restringido  |u http://www.vlex.com/source/11360 
942 |c BOOK 
999 0 |a Labor laws and legislation